[Event "St Petersburg Korchnoi Memorial op"]
[Site "St Petersburg"]
[Date "2023.08.19"]
[Round "3"]
[White "Zakharov, Yuri Vasilievich"]
[Black "Dushin, Nikolay"]
[Result "0-1"]
[WhiteElo "1379"]
[BlackElo "1743"]
[PlyCount "66"]
[EventDate "2023.08.18"]
[EventType "swiss"]
[EventRounds "9"]
[EventCountry "RUS"]
[SourceTitle "CBM 216 Extra"]
[Source "ChessBase"]
[SourceDate "2023.11.30"]
[SourceVersion "1"]
[SourceVersionDate "2023.11.30"]
[SourceQuality "1"]

1. Nf3 g6 2. g3 b6 3. Bg2 Bb7 4. 0-0 Bg7 5. d3 c5 6. e4 d6 7. Nc3 Nf6 8. Nh4 Nc6 9. f4 Nd7 10. Ne2 e6 11. c3 Rc8 12. Bh3 0-0 13. f5 Qe8 14. Bf4 e5 15. Be3 Rc7 16. Qb3 Na5 17. Qc2 d5 18. fxg6 hxg6 19. Bg2 dxe4 20. dxe4 Qe6 21. b3 Ba6 22. c4 Nc6 23. Nc3 Nd4 24. Qd2 Rcc8 25. Nd5 b5 26. Rac1 bxc4 27. bxc4 Nb6 28. Bg5 Nxc4 29. Rxc4 Bxc4 30. Ne7+ Kh7 31. Nxc8 Bxf1 32. Qf2 Rxc8 33. Qb2 c4 0-1

[Event "Chigorin Memorial 27th"]
[Site "St Petersburg"]
[Date "2019.10.12"]
[Round "8"]
[White "Rudovskii, Filipp"]
[Black "Zakharov, Yuri Vasilievich"]
[Result "1-0"]
[WhiteElo "2120"]
[BlackElo "1600"]
[PlyCount "67"]
[EventDate "2019.10.05"]
[EventType "swiss"]
[EventRounds "9"]
[EventCountry "RUS"]
[SourceTitle "EXT 2021"]
[Source "ChessBase"]
[SourceDate "2020.10.23"]
[SourceVersion "1"]
[SourceVersionDate "2020.10.23"]
[SourceQuality "1"]

1. e4 e5 2. Nf3 Nc6 3. d4 exd4 4. Nxd4 Bc5 5. Nb3 Bb6 6. Nc3 Qf6 7. f3 Nge7 8. Qe2 Nd4 9. Nxd4 Qxd4 10. Bd2 0-0 11. 0-0-0 Qf2 12. Qd3 Qd4 13. Qb5 a6 14. Qh5 Qc5 15. Qh4 Ng6 16. Qg3 Ba5 17. h4 Re8 18. h5 Nf8 19. Nd5 Bxd2+ 20. Rxd2 Re6 21. Nxc7 Rc6 22. Nxa8 Qa5 23. a3 b5 24. h6 g6 25. Qe5 Ne6 26. Be2 Qa4 27. c3 b4 28. Bd1 Rxc3+ 29. bxc3 Qxa3+ 30. Kb1 bxc3 31. Ra2 Qb4+ 32. Ka1 Qb7 33. Qxc3 Qxa8 34. Bb3 1-0

[Event "Chigorin Memorial 27th"]
[Site "St Petersburg"]
[Date "2019.10.05"]
[Round "1"]
[White "Zakharov, Yuri Vasilievich"]
[Black "Schekachikhin, Maksim"]
[Result "0-1"]
[WhiteElo "1600"]
[BlackElo "2400"]
[PlyCount "158"]
[EventDate "2019.10.05"]
[EventType "swiss"]
[EventRounds "9"]
[EventCountry "RUS"]
[SourceTitle "EXT 2020"]
[Source "ChessBase"]
[SourceDate "2019.10.17"]
[SourceVersion "1"]
[SourceVersionDate "2019.10.17"]
[SourceQuality "1"]

1. e4 c5 2. Nf3 e6 3. Nc3 a6 4. d4 cxd4 5. Nxd4 Qc7 6. g3 Nc6 7. Bg2 Nf6 8. Nb3 Be7 9. 0-0 0-0 10. Be3 d6 11. f4 Na5 12. Nxa5 Qxa5 13. a3 Bd7 14. g4 Qd8 15. g5 Ne8 16. Qd2 f6 17. h4 Nc7 18. Bb6 Rc8 19. Rad1 Qe8 20. Bf2 Bc6 21. Rfe1 Qf7 22. Bg3 Rcd8 23. Qe2 fxg5 24. fxg5 Qg6 25. Bf3 Qe8 26. Bh5 g6 27. Bg4 Rf7 28. Rf1 Rxf1+ 29. Rxf1 Bf8 30. Kh2 Bg7 31. Qe3 Qe7 32. Re1 Rf8 33. Rd1 Be5 34. Bxe5 dxe5 35. Rd2 Qf7 36. Bh3 Qf4+ 37. Qxf4 Rxf4 38. Kg3 Rf8 39. Rd6 Kf7 40. Rd2 Ke7 41. Bg2 Ne8 42. Rf2 Rg8 43. Bf1 Nd6 44. Bd3 b5 45. Re2 Nb7 46. b4 Nd6 47. Nb1 Ra8 48. Nd2 a5 49. Nb3 axb4 50. axb4 Ra4 51. Na5 Ba8 52. Nb3 Rxb4 53. Nc5 Rb1 54. Kf2 Ne8 55. c4 Rc1 56. Rc2 Rxc2+ 57. Bxc2 bxc4 58. Kf3 Bc6 59. Na6 Kd6 60. Ke3 Bb5 61. Nb4 Kc5 62. Na2 Bc6 63. Bb1 Nd6 64. Bc2 Nb5 65. Bd1 Nd4 66. h5 Be8 67. hxg6 hxg6 68. Bg4 Ba4 69. Kd2 Bc6 70. Ke3 Nc2+ 71. Kf3 Kd4 72. Bxe6 Bxe4+ 73. Ke2 Bd3+ 74. Kd2 e4 75. Bg4 Ne3 76. Be6 Nf1+ 77. Ke1 Nh2 78. Bf7 e3 79. Nb4 Nf3+ 0-1

[Event "St Petersburg Korchnoi Memorial op"]
[Site "St Petersburg"]
[Date "2019.08.18"]
[Round "5"]
[White "Zakharov, Yuri Vasilievich"]
[Black "Ganiev, Rakhmanzhon"]
[Result "1-0"]
[WhiteElo "1576"]
[BlackElo "1179"]
[PlyCount "81"]
[EventDate "2019.08.14"]
[EventType "swiss"]
[EventRounds "9"]
[EventCountry "RUS"]
[SourceTitle "CBM 192"]
[Source "ChessBase"]
[SourceDate "2019.10.31"]
[SourceVersion "1"]
[SourceVersionDate "2019.10.31"]
[SourceQuality "1"]

1. e4 c5 2. Nf3 d6 3. Bb5+ Bd7 4. Bxd7+ Nxd7 5. Nc3 Ngf6 6. 0-0 g6 7. d3 Bg7 8. Qe2 0-0 9. Ng5 Qb6 10. a4 Ne5 11. Nd5 Nxd5 12. exd5 Rfe8 13. Ra3 Nd7 14. Nxf7 Ne5 15. Ng5 Rf8 16. Rb3 Qa6 17. f4 c4 18. dxc4 Nxc4 19. Qe6+ Kh8 20. Nf7+ Rxf7 21. Qxf7 Bd4+ 22. Kh1 Nd2 23. Re1 Nxb3 24. cxb3 Bf2 25. Qxe7 Bxe1 26. Qxe1 Qd3 27. Bd2 Qxd5 28. Bc3+ Kg8 29. h3 Qf7 30. Qd2 Rc8 31. Qxd6 Qxb3 32. Qd4 Rxc3 33. bxc3 a6 34. a5 Qb5 35. Qb4 Qxb4 36. cxb4 Kf7 37. g4 Ke6 38. Kg2 Kd5 39. Kf3 h6 40. Ke3 h5 41. Kd3 1-0

[Event "Chigorin Memorial 26th"]
[Site "St Petersburg"]
[Date "2018.10.28"]
[Round "2"]
[White "Zakharov, Yuri Vasilievich"]
[Black "Tsapalin, Sergey"]
[Result "0-1"]
[WhiteElo "1650"]
[BlackElo "2032"]
[PlyCount "51"]
[EventDate "2018.10.27"]
[EventType "swiss"]
[EventRounds "9"]
[EventCountry "RUS"]
[SourceTitle "CBM 187 Extra"]
[Source "ChessBase"]
[SourceDate "2018.11.04"]
[SourceVersion "1"]
[SourceVersionDate "2018.11.04"]
[SourceQuality "1"]

1. Nf3 f5 2. d4 Nf6 3. c4 g6 4. Nc3 Bg7 5. g3 d6 6. Qb3 Nc6 7. e3 e5 8. d5 Ne7 9. Bg2 h6 10. Qc2 g5 11. b3 0-0 12. Bb2 Ng6 13. 0-0-0 e4 14. Nd4 Ne5 15. Bf1 Qe7 16. Be2 a6 17. Rdf1 g4 18. a4 c5 19. dxc6 bxc6 20. Qd1 Rb8 21. c5 dxc5 22. Ba3 Qa7 23. Nxc6 Nxc6 24. Bc4+ Kh7 25. Qd6 Nb4 26. Rd1 0-1

[Event "Chigorin Memorial 26th"]
[Site "St Petersburg"]
[Date "2018.10.27"]
[Round "1"]
[White "Tsaruk, Maksim"]
[Black "Zakharov, Yuri Vasilievich"]
[Result "1-0"]
[WhiteElo "2215"]
[BlackElo "1650"]
[PlyCount "41"]
[EventDate "2018.10.27"]
[EventType "swiss"]
[EventRounds "9"]
[EventCountry "RUS"]
[SourceTitle "CBM 187 Extra"]
[Source "ChessBase"]
[SourceDate "2018.11.04"]
[SourceVersion "1"]
[SourceVersionDate "2018.11.04"]
[SourceQuality "1"]

1. e4 e5 2. Nf3 Nc6 3. Bc4 Nf6 4. d3 d6 5. Ng5 d5 6. exd5 Na5 7. 0-0 Nxc4 8. dxc4 h6 9. Nf3 Bg4 10. Re1 Bd6 11. Nxe5 Bxd1 12. Nc6+ Kf8 13. Nxd8 Bxc2 14. Nxb7 Bb4 15. Bd2 Bxd2 16. Nxd2 Rb8 17. Nc5 Rxb2 18. Nde4 Nxe4 19. Nxe4 Bd3 20. Nc5 Bxc4 21. Nd7+ 1-0

[Event "Chigorin Memorial 25th"]
[Site "St Petersburg"]
[Date "2017.10.26"]
[Round "6"]
[White "Sapegin, Yaroslav"]
[Black "Zakharov, Yuri Vasilievich"]
[Result "1-0"]
[WhiteElo "2007"]
[BlackElo "1681"]
[PlyCount "99"]
[EventDate "2017.10.21"]
[EventType "swiss"]
[EventRounds "9"]
[EventCountry "RUS"]
[SourceTitle "CBM 181 Extra"]
[Source "ChessBase"]
[SourceDate "2017.12.12"]
[SourceVersion "1"]
[SourceVersionDate "2017.12.12"]
[SourceQuality "1"]

1. d4 Nf6 2. c4 e6 3. g3 Be7 4. Bg2 d5 5. Nf3 0-0 6. 0-0 Ne4 7. Nbd2 f5 8. Qc2 c6 9. Ne5 Nd7 10. Ndf3 Nb6 11. c5 Nd7 12. Bf4 Nxe5 13. Nxe5 Bd7 14. Rad1 Nf6 15. f3 Nh5 16. Bc1 Qc7 17. g4 fxg4 18. fxg4 Nf6 19. Rd3 Ne4 20. Bxe4 Rxf1+ 21. Kxf1 dxe4 22. Rh3 Rf8+ 23. Kg2 Be8 24. Qxe4 g6 25. Bh6 Rf6 26. Bg5 Rf8 27. Bxe7 Qxe7 28. Rf3 Rxf3 29. Nxf3 Bf7 30. Qe5 Qd8 31. Ng5 Qd5+ 32. Qxd5 exd5 33. Nxf7 Kxf7 34. h4 h6 35. Kf3 Kf6 36. e4 g5 37. exd5 cxd5 38. hxg5+ hxg5 39. b4 Ke6 40. a4 a6 41. Ke3 Kd7 42. Kd3 Kc6 43. Kc3 Kc7 44. Kb3 Kd7 45. a5 Kc6 46. Ka4 Kd7 47. b5 Kc7 48. Kb4 Kd7 49. c6+ bxc6 50. bxa6 1-0

[Event "Chigorin Memorial 25th"]
[Site "St Petersburg"]
[Date "2017.10.25"]
[Round "5"]
[White "Zakharov, Yuri Vasilievich"]
[Black "Pavlov, Mark"]
[Result "1-0"]
[WhiteElo "1681"]
[BlackElo "1909"]
[PlyCount "113"]
[EventDate "2017.10.21"]
[EventType "swiss"]
[EventRounds "9"]
[EventCountry "RUS"]
[SourceTitle "CBM 181 Extra"]
[Source "ChessBase"]
[SourceDate "2017.12.12"]
[SourceVersion "1"]
[SourceVersionDate "2017.12.12"]
[SourceQuality "1"]

1. Nf3 Nf6 2. g3 d5 3. Bg2 c6 4. 0-0 Bg4 5. Ne5 Bh5 6. d4 Nbd7 7. Nd3 e6 8. b3 Be7 9. Bb2 0-0 10. f3 Qc7 11. Nf4 Bg6 12. Nxg6 hxg6 13. Nd2 e5 14. dxe5 Nxe5 15. Kh1 Rfd8 16. Qe1 c5 17. Rb1 d4 18. Nc4 Nc6 19. a4 a6 20. e4 Nb4 21. Qe2 Rab8 22. a5 Re8 23. Rfd1 Rbd8 24. Qd2 Bf8 25. c3 Nc6 26. cxd4 cxd4 27. Qf4 Qxf4 28. gxf4 Nh5 29. Bc1 Bb4 30. Ra1 Bc3 31. Ra2 Nb4 32. Rf2 Nc6 33. Ra2 Nb4 34. Rf2 f5 35. Ne5 Rd6 36. Bf1 fxe4 37. Bc4+ Kf8 38. fxe4 Nc6 39. Nxc6 Rxc6 40. Bd5 Bxa5 41. Ba3+ Re7 42. Bxc6 bxc6 43. Kg2 Bb6 44. Bxe7+ Kxe7 45. Kf3 Nf6 46. Rg2 Kf7 47. Rc1 c5 48. Rcg1 a5 49. Rxg6 a4 50. Rxg7+ Kf8 51. Rb7 Bd8 52. bxa4 d3 53. Rb8 Ke8 54. Rc8 d2 55. Rxc5 Bb6 56. Re5+ Kf7 57. Rd1 1-0

[Event "Chigorin Memorial 25th"]
[Site "St Petersburg"]
[Date "2017.10.21"]
[Round "1"]
[White "Zakharov, Yuri Vasilievich"]
[Black "Travkina, Anastasia"]
[Result "0-1"]
[WhiteElo "1681"]
[BlackElo "2221"]
[PlyCount "90"]
[EventDate "2017.10.21"]
[EventType "swiss"]
[EventRounds "9"]
[EventCountry "RUS"]
[SourceTitle "CBM 181 Extra"]
[Source "ChessBase"]
[SourceDate "2017.12.12"]
[SourceVersion "1"]
[SourceVersionDate "2017.12.12"]
[SourceQuality "1"]

1. Nf3 d5 2. g3 c6 3. Bg2 Bg4 4. h3 Bf5 5. d3 h6 6. Nbd2 Nf6 7. c4 e6 8. 0-0 Be7 9. b3 0-0 10. Bb2 Nbd7 11. Re1 Bh7 12. Nf1 a5 13. a3 b5 14. Ne5 Qb6 15. cxd5 cxd5 16. Nxd7 Nxd7 17. Rc1 Bg5 18. e3 Rac8 19. d4 Be7 20. Nd2 Rxc1 21. Qxc1 Qb7 22. Qa1 a4 23. b4 Nb6 24. Rc1 Bd3 25. Rc3 Bc4 26. Qc1 Rc8 27. Nf3 Bd6 28. Nd2 Rc7 29. e4 Rc8 30. e5 Bb8 31. Qe1 Ba7 32. Nf3 Bb3 33. Rc5 Nc4 34. Bc1 Bxc5 35. dxc5 Qb8 36. Qc3 d4 37. Qxd4 Rd8 38. Qc3 Rd1+ 39. Kh2 Qd8 40. c6 Qb6 41. Be3 Qxc6 42. Nd4 Qd7 43. Bc6 Qd8 44. Bxb5 Qd5 45. f3 Nxe3 0-1

[Event "St Petersburg Summer op"]
[Site "St Petersburg"]
[Date "2017.08.23"]
[Round "8"]
[White "Zakharov, Yuri Vasilievich"]
[Black "Bulsoev, Alexander"]
[Result "0-1"]
[WhiteElo "1690"]
[BlackElo "1806"]
[PlyCount "118"]
[EventDate "2017.08.16"]
[EventType "swiss"]
[EventRounds "9"]
[EventCountry "RUS"]
[SourceTitle "CBM 180 Extra"]
[Source "ChessBase"]
[SourceDate "2017.10.06"]
[SourceVersion "1"]
[SourceVersionDate "2017.10.06"]
[SourceQuality "1"]

1. Nf3 d5 2. g3 Nf6 3. Bg2 c6 4. b3 Bf5 5. Bb2 h6 6. d4 e6 7. 0-0 Nbd7 8. Nbd2 Be7 9. c4 0-0 10. Ne5 Nxe5 11. dxe5 Nd7 12. e4 dxe4 13. Nxe4 Nc5 14. Nxc5 Bxc5 15. Qc1 Qc7 16. Qf4 Qb6 17. Bc3 Rfd8 18. Be4 Bd4 19. Rac1 Bxc3 20. Rxc3 Rd4 21. Re3 Qa5 22. Re2 Rad8 23. Qf3 Bh3 24. Rfe1 Rd1 25. Qe3 Rxe1+ 26. Rxe1 Qxa2 27. Bd3 Qa5 28. Rb1 Rxd3 29. Qxd3 Bf5 30. Qd1 Bxb1 31. Qxb1 Qxe5 32. Qd3 Qc7 33. c5 b6 34. Qd4 bxc5 35. Qxc5 Qd7 36. h4 Qd1+ 37. Kh2 Qxb3 38. Qxa7 Qd5 39. Qb8+ Kh7 40. Qb7 Qf3 41. Kg1 f5 42. Qf7 Qd1+ 43. Kh2 Qd4 44. Kg1 Qf6 45. Qd7 e5 46. Qd3 e4 47. Qe3 Qd6 48. Qb3 Qg6 49. Qe3 Qg4 50. Qd4 Qg6 51. Qe3 Qd6 52. Qb6 Qd5 53. Qb7 Qd1+ 54. Kh2 c5 55. Qf7 Qf3 56. h5 Qxf2+ 57. Kh3 Qf1+ 58. Kh2 Qe2+ 59. Kh3 Qg4+ 0-1

[Event "St Petersburg Summer op"]
[Site "St Petersburg"]
[Date "2017.08.20"]
[Round "5"]
[White "Kundianok, Vladislav"]
[Black "Zakharov, Yuri Vasilievich"]
[Result "1-0"]
[WhiteElo "1982"]
[BlackElo "1690"]
[PlyCount "189"]
[EventDate "2017.08.16"]
[EventType "swiss"]
[EventRounds "9"]
[EventCountry "RUS"]
[SourceTitle "CBM 180 Extra"]
[Source "ChessBase"]
[SourceDate "2017.10.06"]
[SourceVersion "1"]
[SourceVersionDate "2017.10.06"]
[SourceQuality "1"]

1. e4 e5 2. Nf3 Nc6 3. Bb5 a6 4. Ba4 Nf6 5. 0-0 Be7 6. Re1 b5 7. Bb3 d6 8. c3 0-0 9. h3 Na5 10. Bc2 c5 11. d4 Qc7 12. Nbd2 Bd7 13. Nf1 Rfe8 14. d5 g6 15. Bh6 Bf8 16. Qc1 Nh5 17. g4 Ng7 18. Ng3 Be7 19. Kg2 Rac8 20. b3 c4 21. b4 Nb7 22. Nh2 a5 23. a3 axb4 24. axb4 Ra8 25. Qe3 Qb8 26. f4 exf4 27. Qxf4 f6 28. Qf2 Rc8 29. Qd4 Ne8 30. Rf1 Rxa1 31. Rxa1 Nd8 32. Be3 Nf7 33. Ne2 Ne5 34. Kg3 Rc7 35. Ra3 Rb7 36. Qd1 Nc7 37. Qa1 Kg7 38. Qc1 Kg8 39. Qa1 Bc8 40. Kg2 Bd7 41. Kg3 Kg7 42. Qc1 Nf7 43. Nf3 Ne5 44. Nfd4 Kg8 45. Qa1 Kg7 46. Nf4 Bf8 47. Ng2 Be7 48. Nf4 Bf8 49. Ng2 Be7 50. Qc1 Nf7 51. Nf4 Ne5 52. Qe1 Kg8 53. Qd2 Bf8 54. Ng2 Be7 55. Kh2 Qc8 56. Nf4 Qb8 57. Kg3 Qc8 58. Qd1 Qb8 59. Qa1 Kf7 60. Nde2 Kg7 61. Nd4 Qc8 62. Ra7 Rxa7 63. Qxa7 Kf7 64. Bd1 Bd8 65. Qa2 Qa8 66. Qxa8 Nxa8 67. Nde6 Bb6 68. Nd4 Ke7 69. Kf2 Bc7 70. Nc2 Bb6 71. Nd4 Bd8 72. Nc2 Nb6 73. Na3 Nc8 74. Ne2 Bb6 75. Bxb6 Nxb6 76. Nd4 Nd3+ 77. Ke3 Nb2 78. Be2 h5 79. gxh5 gxh5 80. Bxh5 Bxh3 81. Naxb5 Bd7 82. Nc7 Nd3 83. Be2 Ne5 84. Nce6 Bxe6 85. Nxe6 f5 86. Nd4 fxe4 87. Kxe4 Kd7 88. Bd1 Nd3 89. Bg4+ Kd8 90. Nc6+ Kc7 91. Kd4 Nb2 92. Na5 Nd7 93. Bxd7 Kxd7 94. Nxc4 Na4 95. Kd3 1-0

[Event "St Petersburg Summer op"]
[Site "St Petersburg"]
[Date "2017.08.19"]
[Round "4"]
[White "Zakharov, Yuri Vasilievich"]
[Black "Romanov, Aleksandr"]
[Result "1-0"]
[WhiteElo "1690"]
[BlackElo "1553"]
[PlyCount "77"]
[EventDate "2017.08.16"]
[EventType "swiss"]
[EventRounds "9"]
[EventCountry "RUS"]
[SourceTitle "CBM 180 Extra"]
[Source "ChessBase"]
[SourceDate "2017.10.06"]
[SourceVersion "1"]
[SourceVersionDate "2017.10.06"]
[SourceQuality "1"]

1. Nf3 Nf6 2. g3 g6 3. Bg2 Bg7 4. d4 0-0 5. c3 d6 6. 0-0 Bd7 7. Re1 Bc6 8. Qc2 Nbd7 9. e4 e6 10. Bg5 h6 11. Bd2 d5 12. e5 Ne4 13. Be3 g5 14. Bh3 Qe7 15. Rf1 f5 16. exf6 Ndxf6 17. Ne5 Qe8 18. f3 Nd6 19. Bf2 Nd7 20. Nxc6 bxc6 21. Nd2 Nf5 22. Rae1 Rf6 23. Re2 Qg6 24. Qa4 h5 25. Qxc6 Raf8 26. Qxd7 g4 27. Bg2 Nh4 28. f4 Nxg2 29. Kxg2 Qd3 30. Rfe1 h4 31. gxh4 Qh3+ 32. Kg1 Rxf4 33. Qxe6+ Kh8 34. Re3 g3 35. Qxh3 gxf2+ 36. Kh1 fxe1Q+ 37. Rxe1 Bf6 38. Rf1 Rxh4 39. Qxh4+ 1-0

[Event "Chigorin Memorial 24th"]
[Site "St Petersburg"]
[Date "2016.10.18"]
[Round "4"]
[White "Zakharov, Yuri Vasilievich"]
[Black "Korobitsyn, Danil"]
[Result "1/2-1/2"]
[WhiteElo "1689"]
[BlackElo "2028"]
[PlyCount "92"]
[EventDate "2016.10.15"]
[EventType "swiss"]
[EventRounds "9"]
[EventCountry "RUS"]
[SourceTitle "CBM 175 Extra"]
[Source "ChessBase"]
[SourceDate "2016.12.12"]
[SourceVersion "1"]
[SourceVersionDate "2016.12.12"]
[SourceQuality "1"]

1. Nf3 f5 2. d4 Nf6 3. c3 e6 4. g3 b6 5. Bg2 Bb7 6. 0-0 Be7 7. Qb3 0-0 8. Bg5 Kh8 9. Nbd2 Ne4 10. Nxe4 Bxe4 11. Bxe7 Qxe7 12. Nh4 Bxg2 13. Nxg2 d6 14. Nf4 Rf6 15. e3 Nd7 16. Qa4 c5 17. f3 g5 18. Nd3 e5 19. d5 e4 20. fxe4 Qxe4 21. Qxe4 fxe4 22. Nf2 Re8 23. Ng4 Rxf1+ 24. Rxf1 Kg7 25. c4 a6 26. h4 gxh4 27. gxh4 h5 28. Nf2 Nf6 29. Kg2 b5 30. Rc1 bxc4 31. Rxc4 Nxd5 32. Rxe4 Rxe4 33. Nxe4 Nxe3+ 34. Kf3 Nf5 35. Kf4 Kg6 36. b3 a5 37. a3 Nd4 38. Nxd6 Nxb3 39. Nc4 Kf6 40. Ke4 Ke6 41. a4 Kf6 42. Kf4 Nc1 43. Ke4 Ne2 44. Nxa5 Nc3+ 45. Kf4 Nxa4 46. Nc4 Nc3 1/2-1/2

[Event "Chigorin Memorial 24th"]
[Site "St Petersburg"]
[Date "2016.10.15"]
[Round "1"]
[White "Khalafova, Narmin Ilgar Qizi"]
[Black "Zakharov, Yuri Vasilievich"]
[Result "1-0"]
[WhiteElo "2256"]
[BlackElo "1689"]
[PlyCount "105"]
[EventDate "2016.10.15"]
[EventType "swiss"]
[EventRounds "9"]
[EventCountry "RUS"]
[SourceTitle "CBM 175 Extra"]
[Source "ChessBase"]
[SourceDate "2016.12.12"]
[SourceVersion "1"]
[SourceVersionDate "2016.12.12"]
[SourceQuality "1"]

1. e4 d6 2. d4 Nf6 3. Nc3 g6 4. Be3 Bg7 5. Qd2 Ng4 6. Bg5 h6 7. Bh4 Nc6 8. d5 Nb8 9. h3 Nf6 10. Nf3 c6 11. 0-0-0 Qa5 12. Nd4 0-0 13. f4 cxd5 14. Nb3 Qc7 15. exd5 a6 16. g4 b5 17. Bg2 Nbd7 18. Bf2 Nb6 19. Bxb6 Qxb6 20. Rhe1 Re8 21. Nd4 Ra7 22. Nc6 Rc7 23. g5 hxg5 24. fxg5 Nh7 25. Ne4 Rd7 26. Qf4 Rf8 27. Nd2 e5 28. dxe6 fxe6 29. Qe4 Rdf7 30. Qxg6 d5 31. Bxd5 Nxg5 32. Qxg5 exd5 33. Ne7+ Kh7 34. Nxc8 Rxc8 35. Qh5+ Kg8 36. Qxd5 Qc7 37. Qb3 Kh8 38. Ne4 Re7 39. Ng3 Qf4+ 40. Kb1 Rxe1 41. Rxe1 Qf2 42. Rf1 Re8 43. a3 Qd4 44. Nf5 Qf6 45. Rf4 Re3 46. Rh4+ Qxh4 47. Qxe3 Qd8 48. Nxg7 Kxg7 49. Qa7+ Kg8 50. Qxa6 Qd1+ 51. Ka2 Qd5+ 52. b3 Qc5 53. Qg6+ 1-0

[Event "St Petersburg Summer op"]
[Site "St Petersburg"]
[Date "2016.08.22"]
[Round "6"]
[White "Sanarov, Leonid"]
[Black "Zakharov, Yuri Vasilievich"]
[Result "1-0"]
[WhiteElo "1856"]
[BlackElo "1703"]
[PlyCount "87"]
[EventDate "2016.08.17"]
[EventType "swiss"]
[EventRounds "9"]
[EventCountry "RUS"]
[SourceTitle "CBM 174 Extra"]
[Source "ChessBase"]
[SourceDate "2016.10.10"]
[SourceVersion "1"]
[SourceVersionDate "2016.10.10"]
[SourceQuality "1"]

1. c4 e5 2. g3 Nf6 3. Bg2 d6 4. Nc3 Nbd7 5. e3 g6 6. Nge2 Bg7 7. 0-0 0-0 8. d3 c6 9. Rb1 Qc7 10. b4 Re8 11. b5 Nc5 12. d4 exd4 13. exd4 Nce4 14. Bf4 Nxc3 15. Nxc3 Nh5 16. bxc6 bxc6 17. Be3 Bd7 18. Bf3 Nf6 19. Bf4 Qa5 20. Qd2 Qf5 21. Bg2 d5 22. cxd5 cxd5 23. Rfe1 Rxe1+ 24. Rxe1 Bc6 25. Rc1 Qd7 26. Ne2 Ne4 27. Qc2 Rc8 28. Be3 Bb7 29. Qb2 Rxc1+ 30. Qxc1 f5 31. Nf4 Bf8 32. Qb2 Qc6 33. Bf1 Qb6 34. Qc2 Be7 35. Nd3 Ba6 36. Nf4 Bb7 37. Nd3 Ba6 38. Ne5 Bxf1 39. Qc8+ Kg7 40. Qe8 Qf6 41. Kxf1 Qe6 42. Nc6 Kf6 43. Qh8+ Kf7 44. Ne5+ 1-0

[Event "St Petersburg Summer op"]
[Site "St Petersburg"]
[Date "2016.08.19"]
[Round "3"]
[White "Zakharov, Yuri Vasilievich"]
[Black "Shinkevich, Maksim"]
[Result "0-1"]
[WhiteElo "1703"]
[BlackElo "2052"]
[PlyCount "50"]
[EventDate "2016.08.17"]
[EventType "swiss"]
[EventRounds "9"]
[EventCountry "RUS"]
[SourceTitle "CBM 174 Extra"]
[Source "ChessBase"]
[SourceDate "2016.10.10"]
[SourceVersion "1"]
[SourceVersionDate "2016.10.10"]
[SourceQuality "1"]

1. Nf3 Nf6 2. g3 g6 3. b3 Bg7 4. Bb2 d6 5. Bg2 0-0 6. d4 c5 7. 0-0 Nc6 8. e3 Nh5 9. c3 e5 10. d5 Ne7 11. e4 Qe8 12. Nbd2 Bd7 13. Nc4 b5 14. Ne3 f5 15. exf5 gxf5 16. Ng5 f4 17. Nc2 Qg6 18. Ne6 Bxe6 19. dxe6 Rae8 20. Na3 e4 21. Nxb5 f3 22. Bh1 Nf4 23. Re1 d5 24. Qc2 e3 25. Rec1 e2 0-1

[Event "St Petersburg Summer op"]
[Site "St Petersburg"]
[Date "2016.08.18"]
[Round "2"]
[White "Zakharov, Yuri Vasilievich"]
[Black "Grausgruber, Rene"]
[Result "1-0"]
[WhiteElo "1703"]
[BlackElo "2014"]
[PlyCount "69"]
[EventDate "2016.08.17"]
[EventType "swiss"]
[EventRounds "9"]
[EventCountry "RUS"]
[SourceTitle "CBM 174 Extra"]
[Source "ChessBase"]
[SourceDate "2016.10.10"]
[SourceVersion "1"]
[SourceVersionDate "2016.10.10"]
[SourceQuality "1"]

1. Nf3 d5 2. g3 Nc6 3. d4 g6 4. Bg2 Bg7 5. c3 Bf5 6. 0-0 Qd7 7. Re1 0-0-0 8. Nbd2 Nf6 9. b4 Ne4 10. Qb3 h5 11. Nxe4 dxe4 12. Ng5 f6 13. Nxe4 h4 14. Nc5 Qd6 15. Nxb7 Kb8 16. Nxd6 Rxd6 17. Bf4 e5 18. Be3 hxg3 19. hxg3 e4 20. a4 g5 21. a5 Be6 22. Qb2 f5 23. Bxg5 Rh5 24. Qc1 Bc4 25. b5 Nd8 26. b6 Nf7 27. bxc7+ Kxc7 28. Bf4 Bh6 29. Bxd6+ Kxd6 30. Qa3+ Ke6 31. Qc5 Nd6 32. Qe5+ Kd7 33. d5 Bg5 34. Qe6+ Kc7 35. Qg6 1-0

[Event "Chigorin Memorial 23rd"]
[Site "St Petersburg"]
[Date "2015.10.09"]
[Round "7"]
[White "Scheglov, Dmitry"]
[Black "Zakharov, Yuri Vasilievich"]
[Result "1-0"]
[WhiteElo "1910"]
[BlackElo "1733"]
[PlyCount "65"]
[EventDate "2015.10.03"]
[EventType "swiss"]
[EventRounds "9"]
[EventCountry "RUS"]
[SourceTitle "CBM 168 Extra"]
[Source "ChessBase"]
[SourceDate "2015.10.29"]
[SourceVersion "1"]
[SourceVersionDate "2015.10.29"]
[SourceQuality "1"]

1. e4 d6 2. d4 Nf6 3. Nc3 g6 4. Be3 Bg7 5. f3 c6 6. Qd2 h5 7. 0-0-0 b5 8. Bd3 Qc7 9. e5 b4 10. Ne4 Nd5 11. exd6 exd6 12. Ne2 Nxe3 13. Qxe3 Kf8 14. Qf4 Bh6 15. Ng5 Qe7 16. h4 Kg7 17. Ng3 f6 18. Rde1 Qf7 19. Qxd6 Re8 20. f4 fxg5 21. fxg5 Bxg5+ 22. hxg5 Re6 23. Rxe6 Qxe6 24. Qxb4 Qe3+ 25. Kb1 Na6 26. Qd6 Qxg5 27. Ne4 Qxg2 28. Qf6+ Kg8 29. Bc4+ Be6 30. Bxe6+ Kh7 31. Ng5+ Kh6 32. Nf7+ Kh7 33. Rxh5+ 1-0

[Event "Chigorin Memorial 23rd"]
[Site "St Petersburg"]
[Date "2015.10.08"]
[Round "6"]
[White "Zakharov, Yuri Vasilievich"]
[Black "Toporkova, Sofia"]
[Result "1/2-1/2"]
[WhiteElo "1733"]
[BlackElo "1950"]
[PlyCount "105"]
[EventDate "2015.10.03"]
[EventType "swiss"]
[EventRounds "9"]
[EventCountry "RUS"]
[SourceTitle "CBM 168 Extra"]
[Source "ChessBase"]
[SourceDate "2015.10.29"]
[SourceVersion "1"]
[SourceVersionDate "2015.10.29"]
[SourceQuality "1"]

1. Nf3 d5 2. g3 Bf5 3. c4 dxc4 4. Qa4+ Nd7 5. Qxc4 Nb6 6. Qb3 e6 7. Bg2 c6 8. Nc3 Nf6 9. d4 h6 10. 0-0 Be7 11. Re1 0-0 12. Bf4 Nfd5 13. Bd2 Nxc3 14. bxc3 Be4 15. Rac1 c5 16. Be3 c4 17. Qb5 a6 18. Qe5 Bg6 19. Qa5 Nd5 20. Qxd8 Raxd8 21. Ne5 Bh7 22. Nxc4 b5 23. Bxd5 Rxd5 24. Ne5 Ba3 25. c4 Rdd8 26. cxb5 Bxc1 27. Rxc1 axb5 28. Rc5 f6 29. Nc6 Ra8 30. Nb4 Rfc8 31. Rxb5 Rcb8 32. Rxb8+ Rxb8 33. a3 Ra8 34. Bc1 Kf7 35. Kf1 Ke7 36. Ke1 Kd6 37. Bb2 Bg6 38. f3 f5 39. Kd2 Ra5 40. f4 Ra7 41. Nd3 Be8 42. Bc3 g5 43. e3 Kd5 44. Bb4 gxf4 45. Nxf4+ Ke4 46. Nxe6 Kf3 47. Nf4 Ba4 48. d5 Rc7 49. Bc3 Re7 50. Bd4 Rc7 51. Bc3 Re7 52. Ne6 Rd7 53. Nf4 1/2-1/2